[Event "Oberliga Ost-B 0405"]
[Site "Germany"]
[Date "2005.04.09"]
[Round "10.5"]
[White "Beha, Alfred"]
[Black "Bravo Lutz, Sebastian"]
[Result "1/2-1/2"]
[WhiteElo "2188"]
[BlackElo "2162"]
[PlyCount "81"]
[EventDate "2004.10.10"]
[EventType "team-tourn"]
[EventRounds "11"]
[EventCountry "GER"]
[SourceTitle "EXT 2006"]
[Source "ChessBase"]
[SourceDate "2005.11.24"]
[SourceVersion "1"]
[SourceVersionDate "2005.11.24"]
[SourceQuality "1"]
[WhiteTeam "Frankfurt FTG"]
[BlackTeam "Hungen Lich"]
[WhiteTeamCountry "GER"]
[BlackTeamCountry "GER"]

1. Nf3 g6 2. g3 Bg7 3. d4 Nf6 4. Bg2 0-0 5. c4 d6 6. 0-0 Nc6 7. Nc3 Bg4 8. h3 Bxf3 9. Bxf3 Nd7 10. e3 e5 11. d5 Ne7 12. e4 f5 13. Bg2 Kh8 14. Bd2 Ng8 15. Rc1 Bh6 16. b4 Bxd2 17. Qxd2 f4 18. Qe2 Qf6 19. Bf3 h5 20. Nb5 Rfc8 21. c5 a6 22. Na3 a5 23. c6 bxc6 24. dxc6 Nf8 25. Nc2 Ne6 26. b5 Ne7 27. g4 Rg8 28. Kg2 hxg4 29. hxg4 Kg7 30. Rh1 g5 31. Rh3 Ng6 32. Rd1 Rh8 33. Rxh8 Rxh8 34. b6 Qd8 35. b7 Qb8 36. Qc4 Nd8 37. Rxd6 Nh4+ 38. Kf1 Nxf3 39. Rd7+ Kg6 40. Qc5 Rh7 41. Qf8 1/2-1/2

[Event "Hessen-ch MVT"]
[Site "Offenbach"]
[Date "2005.04.01"]
[Round "6"]
[White "Bravo Lutz, Sebastian"]
[Black "Feicht, Arno"]
[Result "1-0"]
[WhiteElo "2158"]
[BlackElo "2127"]
[PlyCount "61"]
[EventDate "2005.03.28"]
[EventType "swiss"]
[EventRounds "9"]
[EventCountry "GER"]
[SourceTitle "EXT 2006"]
[Source "ChessBase"]
[SourceDate "2005.11.24"]
[SourceVersion "1"]
[SourceVersionDate "2005.11.24"]
[SourceQuality "1"]

1. e4 e5 2. Nf3 Nc6 3. Nc3 Nf6 4. g3 Bc5 5. Bg2 d6 6. 0-0 0-0 7. d3 Ne8 8. Na4 Bb6 9. c3 f5 10. exf5 Bxf5 11. h3 Nf6 12. d4 exd4 13. Nxb6 axb6 14. Nxd4 Nxd4 15. Qxd4 Qd7 16. Qh4 Rae8 17. Bg5 c6 18. Rad1 d5 19. c4 Re2 20. Bxf6 Rxf6 21. cxd5 c5 22. b4 Rxa2 23. bxc5 bxc5 24. Qc4 Rc2 25. Qb3 c4 26. Qe3 Bxh3 27. Bxh3 Qxh3 28. d6 Qd7 29. Qe4 Rc3 30. Rfe1 Rd3 31. Qxc4+ 1-0

[Event "Hessen-ch MVT"]
[Site "Offenbach"]
[Date "2005.04.01"]
[Round "7"]
[White "Uwira, Oliver"]
[Black "Bravo Lutz, Sebastian"]
[Result "1/2-1/2"]
[WhiteElo "2224"]
[BlackElo "2158"]
[PlyCount "91"]
[EventDate "2005.03.28"]
[EventType "swiss"]
[EventRounds "9"]
[EventCountry "GER"]
[SourceTitle "EXT 2006"]
[Source "ChessBase"]
[SourceDate "2005.11.24"]
[SourceVersion "1"]
[SourceVersionDate "2005.11.24"]
[SourceQuality "1"]

1. d4 d5 2. c4 e6 3. Nf3 f5 4. g3 Nf6 5. Bg2 c6 6. Nbd2 Bd6 7. Ne5 0-0 8. 0-0 b6 9. Ndf3 Bb7 10. cxd5 cxd5 11. Bf4 Ne4 12. Nd3 Nd7 13. Rc1 g5 14. Nxg5 Qe7 15. Nf3 Ba6 16. Bxd6 Qxd6 17. Nf4 Bc4 18. b3 Ba6 19. Qc2 Rfc8 20. Qb2 Kf7 21. Rxc8 Rxc8 22. Rc1 Ke7 23. Rxc8 Bxc8 24. Nd3 a5 25. Nde5 Ke8 26. Qc1 Ba6 27. Nxd7 Kxd7 28. Ne5+ Ke8 29. Bf3 Qb4 30. Qc6+ Kf8 31. Qa8+ Kg7 32. Qa7+ Kh6 33. Nf7+ Kg6 34. Ne5+ Kh6 35. Nf7+ Kg6 36. Bxe4 Qe1+ 37. Kg2 Qxe2 38. Ne5+ Kh6 39. Ng4+ Qxg4 40. Bf3 Bf1+ 41. Kxf1 Qxf3 42. Qxb6 Qd1+ 43. Kg2 Qe1 44. a3 Qe4+ 45. f3 Qe2+ 46. Kg1 1/2-1/2

[Event "Hessen-ch MVT"]
[Site "Offenbach"]
[Date "2005.03.28"]
[Round "1"]
[White "Geske, Julian"]
[Black "Bravo Lutz, Sebastian"]
[Result "0-1"]
[WhiteElo "2047"]
[BlackElo "2158"]
[PlyCount "88"]
[EventDate "2005.03.28"]
[EventType "swiss"]
[EventRounds "9"]
[EventCountry "GER"]
[SourceTitle "EXT 2006"]
[Source "ChessBase"]
[SourceDate "2005.11.24"]
[SourceVersion "1"]
[SourceVersionDate "2005.11.24"]
[SourceQuality "1"]

1. e4 c5 2. Nf3 Nc6 3. d4 cxd4 4. Nxd4 g6 5. Nc3 Bg7 6. Be3 Nf6 7. Bc4 0-0 8. Bb3 d6 9. 0-0 Bd7 10. h3 Qa5 11. Re1 Rfe8 12. Qd2 Nxd4 13. Bxd4 Bc6 14. Rad1 Rad8 15. Qe3 b6 16. Qd3 e6 17. a4 Qg5 18. Be3 Qh4 19. f4 Nh5 20. Rf1 f5 21. exf5 gxf5 22. Rd2 Kh8 23. Nb5 Qe7 24. Nd4 Be4 25. Qb5 Qf7 26. Rff2 Qg6 27. Nc6 Bxc6 28. Qxc6 e5 29. fxe5 dxe5 30. Qxg6 hxg6 31. Bf7 Rf8 32. Bxg6 Ng3 33. Rxd8 Rxd8 34. Bxf5 Rd1+ 35. Kh2 Nf1+ 36. Rxf1 Rxf1 37. g4 Re1 38. Bg5 e4 39. Kg3 Bxb2 40. h4 Re2 41. h5 Be5+ 42. Bf4 Re3+ 43. Kh4 Bxf4 44. g5 Re1 0-1